That's (Not) mine / (Record no. 7384)

MARC details
000 -LEADER
fixed length control field 00950nam a22002897a 4500
001 - CONTROL NUMBER
control field 7384
003 - CONTROL NUMBER IDENTIFIER
control field FISKH
005 - DATE AND TIME OF LATEST TRANSACTION
control field 20250711112616.0
008 - FIXED-LENGTH DATA ELEMENTS--GENERAL INFORMATION
fixed length control field 250711b cb ||||| |||| 00| 0 eng d
020 ## - INTERNATIONAL STANDARD BOOK NUMBER
International Standard Book Number 9781338101133
040 ## - CATALOGING SOURCE
Original cataloging agency FISKH
Language of cataloging eng
Transcribing agency FISKH
Modifying agency FISKH823.92 LCC PZ7.K127637 T
050 ## - LIBRARY OF CONGRESS CALL NUMBER
Classification number PZ7.K127637 T
082 ## - DEWEY DECIMAL CLASSIFICATION NUMBER
Classification number 823.92
100 ## - MAIN ENTRY--PERSONAL NAME
Personal name Kang, Anna
245 ## - TITLE STATEMENT
Title That's (Not) mine /
Statement of responsibility, etc. By Anna Kang ; illustrated by Christopher Weyant
250 ## - EDITION STATEMENT
Edition statement First Scholastic printing, September 2016
260 ## - PUBLICATION, DISTRIBUTION, ETC.
Place of publication, distribution, etc. New York :
Name of publisher, distributor, etc. Scholastic,
Date of publication, distribution, etc. 2015
300 ## - PHYSICAL DESCRIPTION
Extent 32 unnumbered pages :
Other physical details color illustrations ;
Dimensions 25 cm
505 ## - FORMATTED CONTENTS NOTE
Formatted contents note aa<br/>
520 ## - SUMMARY, ETC.
Summary, etc. Two fuzzy animals have a silly argument about a chair that ends with a surprise.<br/>
521 8# - TARGET AUDIENCE NOTE
Target audience note 20<br/>
Source Lexile <br/>
521 8# - TARGET AUDIENCE NOTE
Target audience note aa<br/>
Source Raz-Plus<br/>
650 ## - SUBJECT ADDED ENTRY--TOPICAL TERM
Topical term or geographic name entry element Picture Book
Form subdivision Sharing
General subdivision Values and Virtues
700 ## - ADDED ENTRY--PERSONAL NAME
Personal name Weyant, Christopher
Relator term illustrator
942 ## - ADDED ENTRY ELEMENTS (KOHA)
Source of classification or shelving scheme Dewey Decimal Classification
Koha item type Books
Suppress in OPAC No
Holdings
Withdrawn status Lost status Source of classification or shelving scheme Damaged status Not for loan Collection Home library Current library Shelving location Date acquired Total Checkouts Full call number Barcode Date last seen Copy number Price effective from Koha item type
    Dewey Decimal Classification     Juvenile Fiction Footprints International School Library Network Toul Kork Campus Footprints International School Library Network Toul Kork Campus TK Primary Library Room(4th Floor), Bookcase 7, Shelves 57-60, Dark Green Books 07/11/2025   KAN 823.92 PZ7.K127637 T FISBK073126 07/11/2025 1 07/11/2025 Books